| 000 | 00656nam a22002057a 4500 | ||
|---|---|---|---|
| 005 | 20251108173038.0 | ||
| 008 | 250721s2002 xx 000 0 ara d | ||
| 082 | 1 | 4 | _a216.23/سام |
| 100 | 1 | _aالسامرائي، محمد رجب | |
| 245 | 1 | 0 | _aرمضان في الحضارة العربية الإسلامية / |
| 264 | 1 |
_aدمشق : _bالأوائل للنشر، _c2002. |
|
| 300 | _a191 ص. | ||
| 500 | _aأن الكتاب يحتوي على منشورات الأوائل | ||
| 650 | 1 | 7 | _aالإسلام |
| 650 | 1 | 7 | _aرمضان |
| 650 | 1 | 7 | _aصلاة التروايح |
| 650 | 1 | 7 | _aليلة القدر |
| 942 |
_2ddc _cBK |
||
| 999 |
_c94791 _d94791 |
||